| 000 | 00527nam a2200205Ia 4500 | ||
|---|---|---|---|
| 008 | 170918s9999 xx 000 0 und d | ||
| 020 | _a7807300399 | ||
| 050 | _bB852 2002 | ||
| 100 | _aBridwell, Norman | ||
| 245 | 4 | _aThe mystery of the kibble crook / | |
| 245 | _cNorman Bridwell ; adapted by Liz Mills. | ||
| 260 | _aNew York : | ||
| 260 | _bScholastic, | ||
| 260 | _c2002 | ||
| 300 | _aunpaged : | ||
| 300 | _bcolored illustration ; | ||
| 300 | _c22cm. | ||
| 440 | _aClifford the big red dog. | ||
| 500 | _a160 | ||
| 999 |
_c340994 _d340994 |
||